| 000 | 00470nam a2200193 4500 | ||
|---|---|---|---|
| 003 | OSt | ||
| 005 | 20151202130725.0 | ||
| 008 | 151202b xxu||||| |||| 00| 0 eng d | ||
| 020 | _a0582727065. | ||
| 040 | _cDDC. | ||
| 082 | _a375URE 1999. | ||
| 100 |
_aUrevbu,Andrew; _96438 |
||
| 245 | _aCurriculum Studies. | ||
| 260 |
_aNigeria; _bLongman. _c1999. |
||
| 300 |
_a154p; _bill; _c23cm |
||
| 504 | _aincludes index | ||
| 650 |
_aCurriculum. _96362 |
||
| 942 |
_2ddc _cSLOAN |
||
| 999 |
_c2775 _d2775 |
||